000 00385pab a2200157 454500
008 180718b2007 xxu||||| |||| 00| 0 eng d
100 _aDhameja, Nand
245 _aInfrastructure financing: ppp approach - various forms
260 _c2007
300 _ap.1-11.
362 _aApr-Jun
650 _aInfrastructure development
773 _aNagarlok
908 _aN
909 _a77124
999 _c77124
_d77124